Sofia la Nutria (Registro nro. 19761)

Detalles MARC
000 -CABECERA
Campo de control 00639nam a22002177a 4500
005 - FECHA Y HORA DE LA ULTIMA TRANSACCION
Campo de control 20200104041758.0
008 - ELEMENTOS DE LONGITUD FIJA—INFORMACION GENERAL
Campo de control 170818b? ck ||||| |||| 00| 0 spa d
020 ## - ISBN
ISBN 9789588554006
040 ## - FUENTE DE CATALOGACIÓN
Agencia catalogadora original CO-BoIAVH
Agencia transcriptora CO-BoIAVH
041 ## - IDIOMA
Código de idioma para texto/pista de sonido o título separado Español
044 ## - PAÍS DE PUBLICACIÓN
País de publicación Colombia
090 ## - CLASIFICACIÓN LOCAL
Colección EA
Consecutivo 00423
110 ## - ASIENTO PRINCIPAL--NOMBRE CORPORATIVO
Nombre corporativo o de jurisdicción como elemento de entrada Fundación Omcaha
9 (RLIN) 83438
245 ## - MENCION DE TITULO
Título Sofia la Nutria
260 ## - PUBLICACION, DISTRIBUCION, ETC. (PIE DE IMPRENTA)
Lugar de publicación, distribución, etc. Bogotá:
Nombre del editor, distribuidor, etc. Fundación Omacaha,
-- Fundación Horizonte Verde,
Fecha de publicación, distribución, etc. s.f.
300 ## - DESCRIPCION FISICA
Extensión 8.páginas
Otros detalles físicos ilustraciones para colorear,
650 14 - ASIENTO SECUNDARIO DE MATERIA - TERMINO TEMATICO
Término temático o nombre geográfico como elemento de entrada Educación ambiental
9 (RLIN) 162
650 14 - ASIENTO SECUNDARIO DE MATERIA - TERMINO TEMATICO
Término temático o nombre geográfico como elemento de entrada Cuentos para niños
9 (RLIN) 78450
650 14 - ASIENTO SECUNDARIO DE MATERIA - TERMINO TEMATICO
Término temático o nombre geográfico como elemento de entrada Dibujos para colorear
9 (RLIN) 78484
942 ## - ELEMENTOS ADICIONALES (KOHA)
Sistema de clasificación Local
Tipo de ítem Folleto
Existencias
Withdrawn status Lost status Sistema de Clasificación Damaged status No para préstamo Colección Ubicación Permanente Ubicación actual Fecha de adquisición Total Checkouts Número topográfico Inventario / Código de Barras Date last seen Date checked out Ejemplar Price effective from Forma de adquisición Tipo de material Inventariado
    Local     Hemeroteca Bogotá Bogotá 18/08/2017 1 EA-00223 042766 27/06/2018 27/04/2018 Ej. 1 18/08/2017 Donación Folleto  
    Local     Educación Ambiental Sala Fabio Quevedo Sala Fabio Quevedo 18/08/2017   EA-00223 042765 18/08/2017   Ej. 2 18/08/2017 Donación Folleto Inventariado 2017